| 000 | 01905nam a2200397 c 4500 | ||
|---|---|---|---|
| 999 |
_c129910 _d129910 |
||
| 003 | BLK | ||
| 005 | 20240806143204.0 | ||
| 008 | 180409b bul|||||r ||||||| ||bul|| | ||
| 010 | _aKNG00135655000 | ||
| 040 | _aBLK | ||
| 041 |
_aBUL _cBUL |
||
| 080 |
_aАнглийска литература _b821.111 _x(081.2) _z821.111(081.2) |
||
| 080 |
_aАнглийска литература _b821.111 _x-31 _z821.111-31 |
||
| 100 | 1 |
_aХарди, Томас _eпърви автор _9374853 |
|
| 139 |
_aХарди, Томас _bХ 26 |
||
| 245 | 1 | 0 |
_aИзбрани творби _bВ 3 т. _cТомас Харди; прев. на том Красимир Желязков; прев. на том Христо Петров Кънев; ред. кол. Александър Шурбанов; предг. от Невяна Николова. _nТ. 1 _pДалече от безумната тълпа |
| 257 | _aGBR | ||
| 260 |
_bНар. култура _c1987 |
||
| 300 | _c21 см | ||
| 380 | _aX | ||
| 500 | _a100 125 тир. | ||
| 505 |
_gРомани _tКметът на Кастърбридж |
||
| 653 | _aромани | ||
| 700 | 1 |
_aЖелязков, Красимир _eпрев. на том _9373926 |
|
| 700 | 1 |
_aКънев, Христо Петров _eпрев. на том _9367206 |
|
| 700 | 1 |
_aШурбанов, Александър _eред. кол. _9367702 |
|
| 700 | 1 |
_aНиколова, Невяна _eпредг. от _9370014 |
|
| 760 | 1 |
_aХарди, Томас _d1987 _h799 с. : с к., ил. _nОриг. загл. Far From the Madding Crowd ; The Mayor of Casterbridge / Thomas Hardy. _tТ. 1 Далече от безумната тълпа |
|
| 852 | _aЦб 148514 | ||
| 856 | 4 | _qpdf | |
| 856 | 4 | _qpdf | |
| 942 |
_cKNG _n0 _06 _s1 |
||
| 944 |
_aCR _c30.10.2012 _lГалина Якимова _k30564 |
||
| 944 |
_aED _c19.12.2017 _lф / _kЛюдмила_Стоянова |
||
| 999 | _d129910 | ||